000 00475nam a22001577a 4500
999 _c8471
_d8471
008 201125b ||||| |||| 00| 0 eng d
040 _aBMS College of Architecture
100 _aKanchwala, M Sakina
245 _aThe literary thinker's edge Bangalore
300 _aNA
500 _a1BM14AT088
502 _8B,Arch
_NBMS College of Architecture, Visvesvaraya Technological University (VTU)
_aProject report
_d2018
650 _aLiterary
700 _aNA
942 _2ddc
_cTHE